Category Cracker: Gaming Quiz Stats

 Plays Quiz Updated Jul 28, 2019

Score 0/49 Timer 07:00
4 Plays Today
Category Answer % Correct
CATEGORY 1Pac-Man Ghosts
100%
CATEGORY 1Blinky [R]
85.2%
CATEGORY 1Pinky [M]
84.7%
CATEGORY 1Inky [O]
84.2%
CATEGORY 1Clyde [O]
82.7%
CATEGORY 2Clue(do) Rooms
79%
CATEGORY 2Kitchen [T]
77.6%
CATEGORY 2Hall [A]
74.5%
CATEGORY 2Library [I]
73.8%
CATEGORY 2Dining Room [R]
73.2%
CATEGORY 2Study [N]
72.8%
CATEGORY 2Conservatory [E]
70.5%
CATEGORY 2Lounge [O]
70%
CATEGORY 2Ballroom [O]
69.6%
CATEGORY 2Billiard Room [P]
68%
CATEGORY 3Operation Pieces
66.8%
CATEGORY 3Funny Bone [L]
58.2%
CATEGORY 3Adam's Apple [M]
51.6%
CATEGORY 3Broken Heart [O]
51.1%
CATEGORY 3Water on the Knee [T]
49.2%
CATEGORY 3Wish Bone [A]
49.1%
CATEGORY 3Butterflies in the Stomach [P]
47.9%
CATEGORY 3Bread Basket [N]
47.8%
CATEGORY 3Charley Horse [O]
47.8%
CATEGORY 3Spare Ribs [Y]
46.4%
Category Answer % Correct
CATEGORY 3Writer's Cramp [E]
45.3%
CATEGORY 3Brain Freeze [O]
45%
CATEGORY 3Wrenched Ankle [T]
44.4%
CATEGORY 3The Ankle Bone's Connected to the Knee Bone [S]
43%
CATEGORY 4US States on Monopoly Board
42.7%
CATEGORY 4New York [T]
40.1%
CATEGORY 4Pennsylvania [O]
37.7%
CATEGORY 4Illinois [N]
37.6%
CATEGORY 4Virginia [L]
37.4%
CATEGORY 4Kentucky [I]
37.1%
CATEGORY 4Indiana [O]
37.1%
CATEGORY 4Vermont [E]
36.9%
CATEGORY 4Connecticut [V]
36.8%
CATEGORY 4North Carolina [S]
36.7%
CATEGORY 4Tennessee [U]
36.6%
CATEGORY 5Eevee Evolutions in Pokémon
34.6%
CATEGORY 5Flareon [N]
21.8%
CATEGORY 5Jolteon [I]
21.6%
CATEGORY 5Vaporeon [F]
21.5%
CATEGORY 5Espeon [I]
20.9%
CATEGORY 5Umbreon [S]
20.8%
CATEGORY 5Leafeon [H]
20.7%
CATEGORY 5Glaceon [E]
20.7%
CATEGORY 5Sylveon [D]
20.4%

You're not logged in!

Compare scores with friends on all Sporcle quizzes.
OR
Log In

Sporcle TV

Today on Sporcle TV


Watch our educational content, quiz creation guides, and fun videos on Sporcle TV.

Show Comments

Extras

Top Quizzes Today


Score Distribution

Your Account Isn't Verified!

In order to create a playlist on Sporcle, you need to verify the email address you used during registration. Go to your Sporcle Settings to finish the process.

Report this User

Report this user for behavior that violates our Community Guidelines.

Details: